000 00900 a2200241 4500
999 _c3852
_d3852
020 _a0078285976
050 _aPE1121 LIT 2003
100 _aChin, Berverly Ann
_eprogram consultants
245 _aGlencoe Literature:
_bThe Reader's Choice/
_cBervely Ann Chin and others
250 _aFlorida Edition
264 _aNew York
_bMc Graw-Hill
_c2003
300 _a1199
_bill.
440 _aWorld literature
500 _aThe Readers Choice
650 _aLiterature -- Study and teaching.
_xEnglish literature -- Study and teaching.
700 _aWolfe, Denny
_eprogram consultant
700 _aCopeland, Jeffrey
_eprogram consultant
700 _aDudzinski, Mary Ann
_eprogram consultant
700 _aRay, William
_eprogram consultant
700 _aRoyster,, Jacqueline Jones
_eprogram consultant
700 _aWilhelm, Jeffrey
_eprogram consultant
942 _2lcc
_cBK
_eFlorida Edition
_h1121
_iLIT
_kPE